000 00255nam a22001097a 4500
082 _a030 CHA'I
100 _aINTERNATIONAL
_910203
245 _aCHAMBER'S ENCYCLOPEDIA VOLUME - XV
260 _aLONDON
_bINTERNATIONAL
_c1973
300 _a824P
942 _cBK
999 _c583268
_d583268